| 000 | 00389nam a2200157Ia 4500 | ||
|---|---|---|---|
| 003 | IN-BaIIA | ||
| 008 | 211028s9999 xx 000 0 eng d | ||
| 040 | _cIIA Library | ||
| 080 |
_a528.28 _bJAM |
||
| 110 |
_aUnited Kingdom _93132 |
||
| 245 | 0 |
_aOrdinance trignometircal survey _cGreat Britain. |
|
| 260 |
_aLondon _c1858 |
||
| 650 |
_aSurvey _9161 |
||
| 650 | _aTrigonometry | ||
| 942 | _cBK | ||
| 999 |
_c1556 _d1556 |
||